|
|
|
|
| LEADER |
00000nam a22000007a 4500 |
| 005 |
20190813230132.0 |
| 007 |
cr|||| |||| |
| 008 |
190813s2018 co |||||s|||| 00||0 spa d |
| 020 |
|
|
|a 9789585456556
|
| 035 |
|
|
|a 24060
|
| 040 |
|
|
|a vLex
|
| 090 |
|
|
|c 9176
|d 9176
|
| 100 |
1 |
|
|a Woolcott Oyague, Olenka
|
| 245 |
1 |
2 |
|a La modernizacin̤ de las instituciones del derecho civil
|h [Recurso electrn̤ico] :
|b Responsabilidad civil, propiedad y contrato /
|c Olenka Woolcott Oyague, Diego Fernando Monje Mayorca, Giovanni Comand,̌ Ramn̤ Antonio Pelèz Hernǹdez, Rm̤ulo Morales Hervias
|
| 256 |
|
|
|a Servicio en ln̕ea
|
| 260 |
|
|
|a Bogot:̀
|b Universidad Catl̤ica de Colombia,
|c 2018
|
| 300 |
|
|
|a 1 recurso electrn̤ico
|
| 500 |
|
|
|a La responsabilidad civil, la transferencia del derecho de propiedad y la modernizacin̤ contractual han sido materias de difc̕il tratamiento jurd̕ico debido a su permanente evolucin̤ jurisprudencial y a la variedad de estudios doctrinales que buscan configurar su desarrollo e interpretacin̤ moderna. La dinm̀ica de la responsabilidad civil requiere una permanente adaptacin̤ a los constantes cambios sociales, adelantos de la ciencia y la tecnologa̕, lo cual hace que este tema eventualmente repercuta dentro y fuera del Derecho privado. Partiendo de las anteriores premisas, surge este libro de investigacin̤ con el props̤ito de exponer la problemt̀ica ms̀ transcendente de la teora̕ general del Derecho de daǫs, mediante el estudio del riesgo a nivel jurisprudencial, el mťodo para transferir la propiedad en el m̀bito del comercio internacional, la nocin̤ de la responsabilidad civil en el entorno europeo y latinoamericano. Dando como resultado una mayor amplitud sobre el panorama de la formulacin̤ y prevencin̤ del daǫ. Se ha logrado sin duda un texto dogmt̀icamente enriquecedor y t︢il, tanto para el estudiante como para el practicante del Derecho que habitualmente deben afrontar problemas que exigen ser analizados de forma moderna, a la luz de los fundamentos de la Responsabilidad civil.
|
| 506 |
1 |
|
|a Disponible solo en los productos indicados
|d vLex Global
|d vLex Global (Academic Edition, excluding Law Schools)
|d vLex Global (U.S. Academic Edition, Law Schools)
|d vLex Global (U.S. Academic Edition, excluding Law Schools)
|d vLex Global (Academic Edition, Law Schools)
|
| 650 |
0 |
4 |
|a Derecho Civil
|z Colombia
|
| 700 |
1 |
|
|a Monje Mayorca, Diego Fernando
|
| 700 |
1 |
|
|a Comand,̌ Giovanni
|
| 700 |
1 |
|
|a Pelèz Hernǹdez, Ramn̤ Antonio
|
| 700 |
1 |
|
|a Morales Hervias, Rm̤ulo
|
| 740 |
0 |
|
|a vLex Libros (Servicio en ln̕ea)
|
| 856 |
4 |
0 |
|u http://vlex.com/source/modernizacion-de-las-instituciones-del-derecho-civil-responsabilidad-civil-propiedad-y-contrato-24060
|z Acceso restringido
|
| 942 |
|
|
|c BOOK
|
| 999 |
0 |
|
|a Civil Law
|